[Event "Oberliga Nord W 0809"]
[Site "Germany"]
[Date "2009.03.29"]
[Round "9.7"]
[White "Lange, Helmut"]
[Black "Cablitz, Hans Joachim"]
[Result "1/2-1/2"]
[WhiteElo "2165"]
[BlackElo "2184"]
[PlyCount "59"]
[EventDate "2008.10.05"]
[EventType "team-tourn"]
[EventRounds "9"]
[EventCountry "GER"]
[SourceTitle "EXT 2010"]
[Source "ChessBase"]
[SourceDate "2010.11.25"]
[SourceVersion "1"]
[SourceVersionDate "2010.11.25"]
[SourceQuality "1"]
[WhiteTeam "Bremen Nord"]
[BlackTeam "Hannover PSC"]
[WhiteTeamCountry "GER"]
[BlackTeamCountry "GER"]

1. d4 Nf6 2. c4 e6 3. Nc3 Bb4 4. f3 d5 5. cxd5 exd5 6. Bg5 h6 7. Bh4 Qe7 8. a3 Bxc3+ 9. bxc3 0-0 10. Bf2 Nc6 11. e3 Na5 12. Bd3 Ne8 13. Ne2 Nd6 14. Nf4 c6 15. 0-0 Bf5 16. Bxf5 Nxf5 17. Re1 Nd6 18. Qc2 Rfe8 19. Re2 Qf6 20. Nh5 Qg6 21. Qxg6 fxg6 22. Ng3 Nf5 23. Nf1 Nc4 24. g4 Nfd6 25. a4 Re6 26. Bg3 Rae8 27. Bxd6 Nxd6 28. Rae1 Nc4 29. Kf2 Rf8 30. Kg3 1/2-1/2

[Event "Oberliga Nord W 0506"]
[Site "Germany"]
[Date "2005.11.27"]
[Round "3.6"]
[White "Lange, Helmut"]
[Black "Fehsenfeld, Frithjof"]
[Result "0-1"]
[WhiteElo "2205"]
[BlackElo "2075"]
[PlyCount "158"]
[EventDate "2005.10.23"]
[EventType "team-tourn"]
[EventRounds "9"]
[EventCountry "GER"]
[SourceTitle "CBM 111 Extra"]
[Source "ChessBase"]
[SourceDate "2006.05.09"]
[SourceVersion "1"]
[SourceVersionDate "2006.05.09"]
[SourceQuality "1"]
[WhiteTeam "Bremen Nord"]
[BlackTeam "Delmenhorst"]
[WhiteTeamCountry "GER"]
[BlackTeamCountry "GER"]

1. d4 d5 2. c4 e6 3. cxd5 exd5 4. Nc3 c6 5. Nf3 Bf5 6. e3 Nf6 7. Bd3 Bxd3 8. Qxd3 Bd6 9. 0-0 0-0 10. Rb1 Qe7 11. a3 a5 12. Re1 Ne4 13. Bd2 Nd7 14. Ne2 Ra6 15. Ng3 g6 16. Re2 Rfa8 17. Be1 f5 18. Nd2 a4 19. f3 Bxg3 20. hxg3 Nxd2 21. Bxd2 Re8 22. Rbe1 Nf6 23. Bb4 Qc7 24. g4 fxg4 25. e4 gxf3 26. gxf3 Raa8 27. e5 Nh5 28. Qe3 Re6 29. Rh2 Qf7 30. Kf2 Kh8 31. Qg5 b6 32. Rh4 Rc8 33. f4 c5 34. Bc3 Ng7 35. Reh1 h5 36. Ke2 Kg8 37. Kd3 Qf5+ 38. Qxf5 Nxf5 39. R4h2 cxd4 40. Bxd4 Rc4 41. Be3 Re4 42. Bd2 Rc6 43. Rc1 Rd4+ 44. Ke2 Rxc1 45. Bxc1 Rc4 46. Kd1 Kf7 47. Rh3 Ke6 48. b3 axb3 49. Rxb3 Rc6 50. Bd2 d4 51. Ke2 h4 52. Kd3 h3 53. Rb1 Rc8 54. Rxb6+ Kd5 55. Rb5+ Kc6 56. Rb1 Ra8 57. Bb4 h2 58. Rh1 Rh8 59. Be1 Kd5 60. a4 Rh3+ 61. Ke2 Ke4 62. Kf2 Kxf4 63. Kg2 Ra3 64. Kxh2 Rxa4 65. e6 Ra2+ 66. Kh3 Re2 67. Rf1+ Kg5 68. Ba5 Rxe6 69. Bd8+ Kh6 70. Rd1 Rd6 71. Ba5 Kg5 72. Bd2+ Kf6 73. Kg4 Ke6 74. Bf4 Rc6 75. Kf3 Kd5 76. Ra1 Rc3+ 77. Kg4 Rc2 78. Ra6 Rg2+ 79. Kf3 Nh4# 0-1

[Event "GER-chT Seniors 14th"]
[Site "Sottrum"]
[Date "2005.09.23"]
[Round "6"]
[White "Lange, Helmut"]
[Black "Bogorad, Michail"]
[Result "1/2-1/2"]
[WhiteElo "2205"]
[BlackElo "2212"]
[PlyCount "101"]
[EventDate "2005.09.18"]
[EventType "team-swiss"]
[EventRounds "7"]
[EventCountry "GER"]
[SourceTitle "CBM 108 Extra"]
[Source "ChessBase"]
[SourceDate "2005.11.04"]
[SourceVersion "1"]
[SourceVersionDate "2005.11.04"]
[SourceQuality "1"]

1. d4 Nf6 2. c4 c5 3. d5 b5 4. cxb5 a6 5. b6 Qxb6 6. Nc3 d6 7. e4 g6 8. Be2 Bg7 9. Nf3 Nbd7 10. 0-0 0-0 11. Qc2 Rb8 12. Rb1 Ne8 13. Be3 Qb7 14. Nd2 Ne5 15. f4 Ng4 16. Bxg4 Bxg4 17. f5 gxf5 18. exf5 e6 19. fxe6 fxe6 20. Rxf8+ Bxf8 21. dxe6 Bxe6 22. Nde4 Be7 23. Ng5 Bxg5 24. Bxg5 Qg7 25. Qd2 Qd4+ 26. Qe3 Ng7 27. b3 Nf5 28. Qxd4 Nxd4 29. Bf4 Rb6 30. Kf2 Kf7 31. Re1 Kf6 32. Ne4+ Ke7 33. Ng5 h5 34. Be3 Nc2 35. Re2 Nxe3 36. Rxe3 d5 37. Rc3 Kd6 38. Nxe6 Kxe6 39. Rh3 Ke5 40. Ke3 Rh6 41. Rh4 Kd6 42. Kd3 Rf6 43. Rxh5 Rf2 44. Rh6+ Ke5 45. Rh5+ Ke6 46. g4 Rxa2 47. h4 Rg2 48. Rg5 Rg3+ 49. Kc2 Rg2+ 50. Kd3 Rg3+ 51. Kc2 1/2-1/2

[Event "GER-chT Seniors 14th"]
[Site "Sottrum"]
[Date "2005.09.22"]
[Round "5"]
[White "Lange, Helmut"]
[Black "Milstein, Boris"]
[Result "1/2-1/2"]
[WhiteElo "2205"]
[BlackElo "1966"]
[PlyCount "50"]
[EventDate "2005.09.18"]
[EventType "team-swiss"]
[EventRounds "7"]
[EventCountry "GER"]
[SourceTitle "CBM 108 Extra"]
[Source "ChessBase"]
[SourceDate "2005.11.04"]
[SourceVersion "1"]
[SourceVersionDate "2005.11.04"]
[SourceQuality "1"]

1. d4 d5 2. c4 e6 3. Nc3 Nf6 4. Nf3 c5 5. e3 Nc6 6. a3 cxd4 7. Nxd4 e5 8. Nxc6 bxc6 9. cxd5 cxd5 10. Bb5+ Bd7 11. Qa4 Be7 12. Ke2 a6 13. Bxd7+ Qxd7 14. Qxd7+ Kxd7 15. f4 exf4 16. Rd1 fxe3 17. Nxd5 Nxd5 18. Rxd5+ Ke6 19. Rd3 f6 20. Bxe3 Rhd8 21. Rad1 Rxd3 22. Rxd3 Bd6 23. h3 Rc8 24. Rb3 Rb8 25. Rxb8 Bxb8 1/2-1/2

[Event "GER-chT Seniors 14th"]
[Site "Sottrum"]
[Date "2005.09.20"]
[Round "3"]
[White "Hilburt, Leonid"]
[Black "Lange, Helmut"]
[Result "1/2-1/2"]
[WhiteElo "2237"]
[BlackElo "2205"]
[PlyCount "112"]
[EventDate "2005.09.18"]
[EventType "team-swiss"]
[EventRounds "7"]
[EventCountry "GER"]
[SourceTitle "CBM 108 Extra"]
[Source "ChessBase"]
[SourceDate "2005.11.04"]
[SourceVersion "1"]
[SourceVersionDate "2005.11.04"]
[SourceQuality "1"]

1. e4 c6 2. d4 d5 3. Nd2 dxe4 4. Nxe4 Bf5 5. Ng3 Bg6 6. N1e2 e6 7. Nf4 Bd6 8. Nxg6 hxg6 9. Ne4 Be7 10. g3 Nf6 11. Bg2 Nbd7 12. Nxf6+ Bxf6 13. c3 Qc7 14. 0-0 0-0 15. Qc2 Rfe8 16. Be3 Nb6 17. c4 e5 18. dxe5 Qxe5 19. Rab1 Rad8 20. Rfe1 Qf5 21. Qxf5 gxf5 22. b3 Nc8 23. Red1 Bc3 24. Bf3 Ba5 25. Rxd8 Rxd8 26. b4 Bb6 27. c5 Bc7 28. Rd1 Rxd1+ 29. Bxd1 a5 30. a3 axb4 31. axb4 Be5 32. Bd2 Kf8 33. Kf1 Ke7 34. Ke2 Na7 35. Ba4 Bd4 36. f3 Nb5 37. Bxb5 cxb5 38. h3 Ke6 39. Be1 g6 40. Kd3 Kd5 41. h4 Bg1 42. g4 fxg4 43. fxg4 f5 44. gxf5 gxf5 45. Bg3 Ke6 46. Bf4 Bf2 47. h5 Kf6 48. Ke2 Bd4 49. Bd2 Be5 50. Kd3 Bb2 51. Be3 Kf7 52. Bd4 Bc1 53. Bc3 Bg5 54. Bd4 Ke6 55. Bg7 Kf7 56. Bc3 Ke6 1/2-1/2

[Event "GER-chT Seniors 14th"]
[Site "Sottrum"]
[Date "2005.09.18"]
[Round "1"]
[White "Stimpel, Franz"]
[Black "Lange, Helmut"]
[Result "1-0"]
[WhiteElo "2308"]
[BlackElo "2205"]
[PlyCount "73"]
[EventDate "2005.09.18"]
[EventType "team-swiss"]
[EventRounds "7"]
[EventCountry "GER"]
[SourceTitle "CBM 108 Extra"]
[Source "ChessBase"]
[SourceDate "2005.11.04"]
[SourceVersion "1"]
[SourceVersionDate "2005.11.04"]
[SourceQuality "1"]

1. d4 d5 2. c4 e6 3. Nc3 Nf6 4. Nf3 Be7 5. Bf4 0-0 6. e3 a6 7. c5 Nc6 8. a3 Nh5 9. Bd3 f5 10. h4 Nxf4 11. exf4 Bf6 12. Ne2 Bd7 13. b4 b6 14. g3 Be8 15. h5 Ne7 16. Rc1 Bb5 17. Ne5 Bxd3 18. Qxd3 b5 19. c6 Nc8 20. Nd7 Re8 21. Ng1 Nd6 22. Nf3 a5 23. h6 axb4 24. axb4 g6 25. Nfe5 Nc4 26. 0-0 Ra3 27. Rc3 Ra4 28. Rb1 Qe7 29. Rcb3 Rea8 30. Qd1 Ra2 31. Nxc4 dxc4 32. Rc3 Kf7 33. d5 Ra1 34. dxe6+ Ke8 35. Nxf6+ Qxf6 36. Qd7+ Kf8 37. e7+ 1-0

[Event "GER-chA Seniors 16th"]
[Site "Templin"]
[Date "2004.09.12"]
[Round "9"]
[White "Lange, Helmut"]
[Black "Koester, Peter"]
[Result "1/2-1/2"]
[WhiteElo "2176"]
[BlackElo "2072"]
[PlyCount "106"]
[EventDate "2004.09.04"]
[EventType "swiss"]
[EventRounds "9"]
[EventCountry "GER"]
[SourceTitle "EXT 2005"]
[Source "ChessBase"]
[SourceDate "2004.11.15"]
[SourceVersion "1"]
[SourceVersionDate "2004.11.15"]
[SourceQuality "1"]

1. d4 d5 2. Nf3 Nf6 3. Bf4 c5 4. e3 Nc6 5. c3 Qb6 6. Qc1 Bf5 7. Nbd2 h6 8. h3 e6 9. Be2 Be7 10. Ne5 Nxe5 11. Bxe5 Rc8 12. 0-0 0-0 13. dxc5 Qxc5 14. Nb3 Qb6 15. Rd1 Bg6 16. Bd3 Bxd3 17. Rxd3 Nd7 18. Bg3 Nc5 19. Nxc5 Qxc5 20. Qd2 Bf6 21. Qe2 Qc4 22. Rd2 b5 23. Qxc4 Rxc4 24. Kf1 Rfc8 25. a3 R8c6 26. Ke2 a5 27. Kd1 h5 28. f3 g6 29. Re2 Kg7 30. Be1 a4 31. Kc2 d4 32. exd4 Rxd4 33. Rd1 Rxd1 34. Kxd1 Kf8 35. Kc2 Ke8 36. Re4 Rc4 37. Re3 Kd7 38. Bg3 Kc6 39. Be5 Be7 40. Bd4 Bc5 41. Bxc5 Rxc5 42. b3 axb3+ 43. Kxb3 Rd5 44. Re2 Kc5 45. Kc2 h4 46. f4 g5 47. Re4 Rf5 48. fxg5 Rxg5 49. Re2 Rg3 50. Kb3 Rg5 51. Rf2 Rg7 52. Re2 Rg5 53. Rf2 Rg7 1/2-1/2

[Event "GER-chA Seniors 16th"]
[Site "Templin"]
[Date "2004.09.11"]
[Round "8"]
[White "Siegmund, Rainer"]
[Black "Lange, Helmut"]
[Result "1/2-1/2"]
[WhiteElo "2076"]
[BlackElo "2176"]
[PlyCount "100"]
[EventDate "2004.09.04"]
[EventType "swiss"]
[EventRounds "9"]
[EventCountry "GER"]
[SourceTitle "EXT 2005"]
[Source "ChessBase"]
[SourceDate "2004.11.15"]
[SourceVersion "1"]
[SourceVersionDate "2004.11.15"]
[SourceQuality "1"]

1. d4 d5 2. c4 e6 3. Nc3 Nf6 4. cxd5 exd5 5. Bg5 Be7 6. e3 h6 7. Bh4 0-0 8. Bd3 c6 9. Qc2 Re8 10. Nf3 Nbd7 11. 0-0 Ne4 12. Bxe4 Bxh4 13. Bh7+ Kh8 14. Bd3 Be7 15. a3 Bd6 16. Rfe1 Nf6 17. Rac1 a5 18. Nd2 Bd7 19. Nf1 b5 20. Rb1 Qe7 21. Ng3 b4 22. axb4 axb4 23. Na4 Ne4 24. Nb6 b3 25. Qd1 Rab8 26. Nxd7 Qxd7 27. Nxe4 dxe4 28. Bc4 Rb4 29. Rc1 Reb8 30. Qh5 Kg8 31. Red1 Qe7 32. g3 R8b7 33. Qf5 Rb8 34. Rc3 Kf8 35. Qh7 Qf6 36. Qxe4 c5 37. Qd5 cxd4 38. exd4 Qe6 39. Qxe6 fxe6 40. Bxe6 Be7 41. Rdd3 Bf6 42. Rxb3 Rxb3 43. Bxb3 Rb4 44. d5 Bxb2 45. d6 Rd4 46. Rf3+ Ke8 47. Re3+ Kf8 48. Rf3+ Ke8 49. Re3+ Kf8 50. Rf3+ Ke8 1/2-1/2

[Event "GER-chA Seniors 16th"]
[Site "Templin"]
[Date "2004.09.05"]
[Round "2"]
[White "Denda, Ronald"]
[Black "Lange, Helmut"]
[Result "1/2-1/2"]
[WhiteElo "2008"]
[BlackElo "2176"]
[PlyCount "37"]
[EventDate "2004.09.04"]
[EventType "swiss"]
[EventRounds "9"]
[EventCountry "GER"]
[SourceTitle "EXT 2005"]
[Source "ChessBase"]
[SourceDate "2004.11.15"]
[SourceVersion "1"]
[SourceVersionDate "2004.11.15"]
[SourceQuality "1"]

1. e4 c6 2. d4 d5 3. exd5 cxd5 4. Nf3 Nf6 5. c3 Nc6 6. Bf4 g6 7. Na3 h6 8. Nc2 Bg7 9. Qc1 0-0 10. Bxh6 Re8 11. Bxg7 Kxg7 12. Be2 Bg4 13. h3 Bxf3 14. Bxf3 e5 15. 0-0 exd4 16. Nxd4 Nxd4 17. cxd4 Rc8 18. Qd2 Qb6 19. Rac1 1/2-1/2

[Event "Oberliga Nord W 0304"]
[Site "Germany"]
[Date "2003.11.23"]
[Round "3.4"]
[White "Lange, Helmut"]
[Black "Forchert, Martin"]
[Result "1/2-1/2"]
[WhiteElo "2201"]
[BlackElo "2425"]
[PlyCount "70"]
[EventDate "2003.10.12"]
[EventType "team-tourn"]
[EventRounds "9"]
[EventCountry "GER"]
[SourceTitle "EXT 2005"]
[Source "ChessBase"]
[SourceDate "2004.11.15"]
[SourceVersion "1"]
[SourceVersionDate "2004.11.15"]
[SourceQuality "1"]
[WhiteTeam "Bremen Nord"]
[BlackTeam "Werder Bremen II"]
[WhiteTeamCountry "GER"]
[BlackTeamCountry "GER"]

1. c4 e5 2. Nc3 Nc6 3. g3 f5 4. Bg2 Nf6 5. e3 g6 6. d4 e4 7. Nge2 Bg7 8. Rb1 0-0 9. b4 a6 10. 0-0 Kh8 11. Qb3 d6 12. Bb2 Re8 13. d5 Ne5 14. Nd4 Nd3 15. Ba1 Ng4 16. Nce2 a5 17. bxa5 Nc5 18. Qb4 g5 19. Ne6 Bxe6 20. Bxg7+ Kxg7 21. dxe6 Rxe6 22. Nd4 Rf6 23. Nb3 Nxb3 24. axb3 Ne5 25. Qxb7 Rxa5 26. Ra1 Rxa1 27. Rxa1 Rf7 28. Ra8 Qe7 29. h3 c6 30. Qc8 Rf8 31. Qxf8+ Qxf8 32. Rxf8 Kxf8 33. g4 fxg4 34. Bxe4 gxh3 35. f4 gxf4 1/2-1/2

[Event "GER-ch Seniors 15th"]
[Site "Bad Wiessee"]
[Date "2003.05.18"]
[Round "9.24"]
[White "Erhart, Uwe"]
[Black "Lange, Helmut"]
[Result "1/2-1/2"]
[WhiteElo "2127"]
[BlackElo "2168"]
[PlyCount "41"]
[EventDate "2003.05.??"]
[EventType "swiss"]
[EventRounds "9"]
[EventCountry "GER"]
[SourceTitle "CBM 094 Extra"]
[Source "ChessBase"]
[SourceDate "2003.07.09"]
[SourceVersion "2"]
[SourceVersionDate "2003.07.09"]
[SourceQuality "1"]

1. e4 c6 2. d4 d5 3. Nc3 dxe4 4. Nxe4 Bf5 5. Ng3 Bg6 6. h4 h6 7. Nf3 Nd7 8. h5 Bh7 9. Bd3 Bxd3 10. Qxd3 e6 11. Bd2 Ngf6 12. 0-0-0 Qc7 13. Qe2 0-0-0 14. Ne5 Nb6 15. Ba5 Rd5 16. Bxb6 axb6 17. c4 Rd8 18. Kb1 Bd6 19. Ne4 Bxe5 20. dxe5 Nxe4 21. Qxe4 1/2-1/2

[Event "GER-ch Seniors 15th"]
[Site "Bad Wiessee"]
[Date "2003.05.17"]
[Round "8.11"]
[White "Lange, Helmut"]
[Black "Nautsch, Werner"]
[Result "1/2-1/2"]
[WhiteElo "2168"]
[BlackElo "2279"]
[PlyCount "57"]
[EventDate "2003.05.??"]
[EventType "swiss"]
[EventRounds "9"]
[EventCountry "GER"]
[SourceTitle "CBM 094 Extra"]
[Source "ChessBase"]
[SourceDate "2003.07.09"]
[SourceVersion "2"]
[SourceVersionDate "2003.07.09"]
[SourceQuality "1"]

1. d4 d6 2. Nf3 g6 3. e4 Bg7 4. Be2 Nc6 5. 0-0 e5 6. dxe5 dxe5 7. Qxd8+ Nxd8 8. Na3 Ne6 9. Nc4 f6 10. Rd1 Nc5 11. Nfd2 Ne7 12. f3 Bd7 13. Nb3 Na4 14. Be3 Nc6 15. Nc5 Nxc5 16. Bxc5 0-0-0 17. c3 Be6 18. Kf2 b6 19. Be3 Kb7 20. b3 Rhe8 21. Na3 Bf8 22. Nc2 Be7 23. Bb5 a6 24. Bxc6+ Kxc6 25. Nb4+ Bxb4 26. cxb4 Rxd1 27. Rxd1 Kb5 28. Bd2 Rd8 29. Ke3 1/2-1/2

[Event "Oberliga Nord W 0203"]
[Site "Germany"]
[Date "2003.01.26"]
[Round "5.4"]
[White "Lange, Helmut"]
[Black "Karwatt, Lothar"]
[Result "1-0"]
[WhiteElo "2174"]
[BlackElo "2190"]
[PlyCount "103"]
[EventDate "2002.10.20"]
[EventType "team"]
[EventRounds "9"]
[EventCountry "GER"]
[SourceTitle "EXT 2004"]
[Source "ChessBase"]
[SourceDate "2003.11.25"]
[SourceVersion "1"]
[SourceVersionDate "2003.11.25"]
[SourceQuality "1"]
[WhiteTeam "Bremen Nord"]
[BlackTeam "Goettingen Tempo"]
[WhiteTeamCountry "GER"]
[BlackTeamCountry "GER"]

1. c4 Nf6 2. Nc3 g6 3. g3 Bg7 4. Bg2 d6 5. d3 0-0 6. e3 Nc6 7. Nge2 e5 8. 0-0 Nh5 9. Rb1 a5 10. a3 f5 11. Nd5 Ne7 12. b4 axb4 13. axb4 c6 14. Nxe7+ Qxe7 15. b5 Qc7 16. Qb3 Be6 17. Nc3 Rfb8 18. Bd2 Nf6 19. Rfc1 h5 20. Nd5 Qd8 21. Nxf6+ Bxf6 22. bxc6 bxc6 23. Qc2 Qd7 24. h4 Kg7 25. Bc3 d5 26. f4 exf4 27. Bxf6+ Kxf6 28. Qc3+ Kf7 29. Rxb8 Rxb8 30. Qe5 Re8 31. Qxf4 dxc4 32. dxc4 Qd2 33. Ra1 Bd7 34. Ra7 Re7 35. Kh2 Be8 36. Rxe7+ Kxe7 37. Qe5+ Kf7 38. c5 Bd7 39. Qd4 Qxd4 40. exd4 g5 41. Kg1 gxh4 42. gxh4 Kf6 43. Kf2 Be8 44. Ke3 Bd7 45. Kf4 Be8 46. Bf3 Ke6 47. Kg5 Bd7 48. Bxh5 Kd5 49. Bf3+ Kxd4 50. h5 Be6 51. h6 Bg8 52. Kf6 1-0

[Event "Oberliga Nord W 0203"]
[Site "Germany"]
[Date "2003.01.12"]
[Round "4.5"]
[White "Lange, Helmut"]
[Black "Barlag, Christoph"]
[Result "1-0"]
[WhiteElo "2174"]
[BlackElo "2156"]
[PlyCount "73"]
[EventDate "2002.10.20"]
[EventType "team"]
[EventRounds "9"]
[EventCountry "GER"]
[SourceTitle "EXT 2004"]
[Source "ChessBase"]
[SourceDate "2003.11.25"]
[SourceVersion "1"]
[SourceVersionDate "2003.11.25"]
[SourceQuality "1"]
[WhiteTeam "Bremen Nord"]
[BlackTeam "Braunschweig"]
[WhiteTeamCountry "GER"]
[BlackTeamCountry "GER"]

1. c4 Nf6 2. Nc3 e5 3. g3 g6 4. Bg2 Bg7 5. Nf3 Nc6 6. 0-0 0-0 7. d4 exd4 8. Nxd4 Nxd4 9. Qxd4 d6 10. Qd2 a5 11. b3 a4 12. Rb1 axb3 13. axb3 Re8 14. Bb2 Bd7 15. Ra1 Rxa1 16. Rxa1 Bc6 17. Nd5 Nxd5 18. Bxg7 Kxg7 19. Bxd5 Qf6 20. Rc1 Qe5 21. e3 Ra8 22. f4 Qf6 23. Kf2 Qf5 24. e4 Qh3 25. Kg1 f6 26. Qb2 Qh5 27. Re1 Re8 28. Qc3 Re7 29. Kg2 Bd7 30. c5 Bh3+ 31. Kg1 Kh6 32. cxd6 cxd6 33. Qxf6 Rc7 34. e5 Qg4 35. exd6 Rc2 36. Qf8+ Kh5 37. Re5+ 1-0

[Event "GER-ch Seniors 14th"]
[Site "Freudenstadt"]
[Date "2002.??.??"]
[Round "3"]
[White "Kuehn, Peter1111"]
[Black "Lange, Helmut"]
[Result "1/2-1/2"]
[WhiteElo "2025"]
[BlackElo "2170"]
[PlyCount "21"]
[EventDate "2002.??.??"]
[EventType "swiss"]
[EventRounds "9"]
[EventCountry "GER"]
[SourceTitle "EXT 2003"]
[Source "ChessBase"]
[SourceDate "2002.11.25"]
[SourceVersion "1"]
[SourceVersionDate "2002.11.25"]
[SourceQuality "1"]

1. e4 c6 2. d4 d5 3. f3 g6 4. Be3 Bg7 5. Nc3 f5 6. exd5 cxd5 7. Bb5+ Bd7 8. Bxd7+ Qxd7 9. Qd2 Nc6 10. 0-0-0 Nf6 11. Nge2 1/2-1/2

[Event "GER-ch Seniors 14th"]
[Site "Freudenstadt"]
[Date "2002.??.??"]
[Round "3"]
[White "Limberg, Siegfried"]
[Black "Lange, Helmut"]
[Result "1-0"]
[WhiteElo "2120"]
[BlackElo "2182"]
[PlyCount "55"]
[EventDate "2002.??.??"]
[EventType "swiss"]
[EventRounds "9"]
[EventCountry "GER"]
[SourceTitle "EXT 2003"]
[Source "ChessBase"]
[SourceDate "2002.11.25"]
[SourceVersion "1"]
[SourceVersionDate "2002.11.25"]
[SourceQuality "1"]

1. d4 d5 2. Nf3 Nf6 3. e3 e6 4. Bd3 c5 5. c3 Nc6 6. Nbd2 Qb6 7. 0-0 Bd7 8. Qe2 Rc8 9. h3 Be7 10. Rb1 0-0 11. Ne5 Nxe5 12. dxe5 Ne8 13. b3 Bc6 14. Bb2 g6 15. e4 Ng7 16. exd5 Bxd5 17. c4 Bc6 18. Be4 Rfd8 19. Bxc6 Qxc6 20. Ne4 Nf5 21. Rbd1 Rxd1 22. Rxd1 Rd8 23. Rxd8+ Bxd8 24. g4 Nd4 25. Qd3 Bb6 26. b4 a6 27. bxc5 Bxc5 28. Bxd4 1-0

[Event "Oberliga Nord W 0102"]
[Site "Germany"]
[Date "2001.11.25"]
[Round "3.2"]
[White "Lange, Helmut"]
[Black "Forchert, Martin"]
[Result "0-1"]
[WhiteElo "2197"]
[BlackElo "2357"]
[PlyCount "124"]
[EventDate "2001.10.07"]
[EventType "team"]
[EventRounds "9"]
[EventCountry "GER"]
[SourceTitle "EXT 2003"]
[Source "ChessBase"]
[SourceDate "2002.11.25"]
[SourceVersion "1"]
[SourceVersionDate "2002.11.25"]
[SourceQuality "1"]
[WhiteTeam "Bremen Nord"]
[BlackTeam "Werder Bremen II"]
[WhiteTeamCountry "GER"]
[BlackTeamCountry "GER"]

1. d4 Nf6 2. Nf3 g6 3. c4 Bg7 4. Nc3 d5 5. Bg5 Ne4 6. Bh4 Nxc3 7. bxc3 dxc4 8. Qa4+ Qd7 9. Qxc4 b6 10. Bg3 c5 11. Ne5 Bxe5 12. Bxe5 Ba6 13. Qb3 0-0 14. Bxb8 Raxb8 15. e3 Bxf1 16. Kxf1 cxd4 17. cxd4 Rbc8 18. h4 Qf5 19. Rh3 Rc7 20. Re1 Qa5 21. e4 Rfc8 22. Rhe3 Rc2 23. a3 R8c3 24. Qb4 Qxb4 25. axb4 Rc4 26. b5 Rxd4 27. g3 Rb4 28. Ra1 Rc7 29. Rea3 Rxe4 30. Rxa7 Rc2 31. Re1 Rxe1+ 32. Kxe1 Rb2 33. Rxe7 Rxb5 34. Ke2 Kf8 35. Rb7 Re5+ 36. Kf3 Re6 37. g4 Rc6 38. g5 Rc3+ 39. Ke4 Rb3 40. f4 Rb4+ 41. Kf3 b5 42. Ke3 Rb1 43. f5 gxf5 44. Kf4 b4 45. Ke5 Kg7 46. h5 b3 47. Rb6 h6 48. gxh6+ Kh7 49. Kd4 b2 50. Kc3 Re1 51. Kxb2 Re6 52. Rb5 Rf6 53. Kc3 Kxh6 54. Kd3 Kxh5 55. Ke3 Kg4 56. Kf2 Ra6 57. Rb2 f4 58. Kg2 f5 59. Rb3 f3+ 60. Kf2 Ra2+ 61. Kg1 Kg3 62. Rb1 Rg2+ 0-1

[Event "GER-ch Seniors 13th"]
[Site "Dresden"]
[Date "2001.??.??"]
[Round "7"]
[White "Gerhardt, Peter Michael"]
[Black "Lange, Helmut"]
[Result "1/2-1/2"]
[WhiteElo "2138"]
[BlackElo "2206"]
[PlyCount "40"]
[EventDate "2001.07.??"]
[EventType "swiss"]
[EventRounds "9"]
[EventCountry "GER"]
[SourceTitle "CBM 084 Extra"]
[Source "ChessBase"]
[SourceDate "2001.10.26"]
[SourceVersion "1"]
[SourceVersionDate "2001.10.26"]
[SourceQuality "1"]

1. d4 d5 2. c4 e6 3. Nc3 Nf6 4. Bg5 Be7 5. e3 h6 6. Bh4 0-0 7. Bd3 dxc4 8. Bxc4 a6 9. Nf3 b5 10. Bd3 Bb7 11. 0-0 c5 12. Bxf6 Bxf6 13. Ne4 cxd4 14. Nxf6+ Qxf6 15. Nxd4 Nc6 16. Nxc6 Bxc6 17. Qe2 Rfd8 18. Rac1 Rd6 19. Rxc6 Rxc6 20. Be4 Rac8 1/2-1/2

[Event "GER-ch Seniors 13th"]
[Site "Dresden"]
[Date "2001.??.??"]
[Round "6"]
[White "Lange, Helmut"]
[Black "Nietsch, Horst"]
[Result "1/2-1/2"]
[WhiteElo "2206"]
[BlackElo "2089"]
[PlyCount "120"]
[EventDate "2001.07.??"]
[EventType "swiss"]
[EventRounds "9"]
[EventCountry "GER"]
[SourceTitle "CBM 084 Extra"]
[Source "ChessBase"]
[SourceDate "2001.10.26"]
[SourceVersion "1"]
[SourceVersionDate "2001.10.26"]
[SourceQuality "1"]

1. d4 e6 2. Nf3 Nf6 3. Bg5 Be7 4. Nbd2 d5 5. e3 Nbd7 6. Bd3 c5 7. c3 0-0 8. 0-0 b6 9. Qe2 Bb7 10. Ne5 Ne4 11. Bxe7 Qxe7 12. Nxd7 Qxd7 13. Bxe4 dxe4 14. dxc5 bxc5 15. Rfd1 Qc6 16. b4 Ba6 17. Qg4 f5 18. Qf4 Be2 19. Re1 Bd3 20. Qe5 a5 21. Nb3 axb4 22. cxb4 cxb4 23. Nd4 Qd5 24. Qxe6+ Qxe6 25. Nxe6 Rfc8 26. Nd4 Rc5 27. h3 Rca5 28. Rec1 g6 29. Rc7 Rxa2 30. Rxa2 Rxa2 31. g4 fxg4 32. hxg4 Be2 33. Rb7 Bxg4 34. Rxb4 Kg7 35. Rb7+ Kh6 36. Re7 Bf5 37. Kg2 Rb2 38. Kg3 Ra2 39. Kg2 Ra6 40. Kg3 Ra5 41. Kg2 Bc8 42. Rc7 Rg5+ 43. Kh2 Rh5+ 44. Kg3 Rg5+ 45. Kh2 Ba6 46. Ne6 Rf5 47. Kg3 Be2 48. Nd4 Rg5+ 49. Kf4 Rg4+ 50. Ke5 Bd3 51. Rf7 Bc4 52. Rf4 Rxf4 53. Kxf4 Bd3 54. Ne6 Bc2 55. Ng5 Kg7 56. Nxe4 Bxe4 57. Kxe4 Kf7 58. f4 h5 59. Kf3 Ke6 60. e4 Kf6 1/2-1/2